Let us C: C programming language (Record no. 1237813)

MARC details
000 -LEADER
fixed length control field 00828nam a2200277Ia 4500
003 - CONTROL NUMBER IDENTIFIER
control field OSt
005 - DATE AND TIME OF LATEST TRANSACTION
control field 20251203102206.0
008 - FIXED-LENGTH DATA ELEMENTS--GENERAL INFORMATION
fixed length control field 008 250103s9999 xx 000 0 eng d
020 ## - INTERNATIONAL STANDARD BOOK NUMBER
International Standard Book Number 9789355512765
037 ## - SOURCE OF ACQUISITION
Stock number Textbook
040 ## - CATALOGING SOURCE
Original cataloging agency CSL
Language of cataloging eng
Transcribing agency CSL
041 ## - LANGUAGE CODE
Language code of text/sound track or separate title eng
Source of code eng
084 ## - COLON CLASSIFICATION NUMBER
Classification number D65,8(B)92CL P5;P7
Assigning agency CSL
100 ## - MAIN ENTRY--PERSONAL NAME
Personal name Kanetkar, Yanhvant
9 (RLIN) 731825
245 #0 - TITLE STATEMENT
Title Let us C: C programming language
Statement of responsibility, etc. / by Yanhvant Kanetkar
250 ## - EDITION STATEMENT
Edition statement 19th
260 ## - PUBLICATION, DISTRIBUTION, ETC.
Place of publication, distribution, etc. New Delhi,
Name of publisher, distributor, etc. BPB Publisher:
Date of publication, distribution, etc. 2007.
300 ## - PHYSICAL DESCRIPTION
Extent xvi, 492p.
Other physical details : ill.
650 ## - SUBJECT ADDED ENTRY--TOPICAL TERM
Topical term or geographic name entry element Arrays
9 (RLIN) 734061
650 ## - SUBJECT ADDED ENTRY--TOPICAL TERM
Topical term or geographic name entry element Handilng multiple strings
9 (RLIN) 734062
650 ## - SUBJECT ADDED ENTRY--TOPICAL TERM
Topical term or geographic name entry element Operations on bits
9 (RLIN) 734063
650 ## - SUBJECT ADDED ENTRY--TOPICAL TERM
Topical term or geographic name entry element Strings
9 (RLIN) 734064
650 ## - SUBJECT ADDED ENTRY--TOPICAL TERM
Topical term or geographic name entry element Statistics
9 (RLIN) 853964
942 ## - ADDED ENTRY ELEMENTS (KOHA)
Koha item type Textbook
Classification part D65,8(B)92CL P5;P7
Source of classification or shelving scheme Colon Classification (CC)
Suppress in OPAC No
Holdings
Withdrawn status Lost status Source of classification or shelving scheme Damaged status Not for loan Home library Current library Date acquired Source of acquisition Inventory number Total Checkouts Full call number Barcode Date last seen Date last checked out Price effective from Koha item type
    Colon Classification (CC)     Central Science Library Central Science Library 2025-01-17 DSR Publishers & Distributors 637, 28/01/2024 1 D65, 8(B)92CL P5;P7 SL1655763 2025-06-13 2025-01-18 2025-01-17 Textbook
Copyright @ Delhi University Library System